[Event "DSOL 05 Liga Gr-B 1st"]
[Site "Playchess.com INT"]
[Date "2020.07.13"]
[Round "4.2"]
[White "Sessler, Heinz"]
[Black "Muecke, Leonard"]
[Result "1-0"]
[WhiteElo "1788"]
[BlackElo "1552"]
[PlyCount "37"]
[EventDate "2020.06.22"]
[EventType "team-tourn (rapid)"]
[EventCountry "GER"]
[SourceTitle "EXT 2021"]
[Source "ChessBase"]
[SourceDate "2020.10.23"]
[SourceVersion "1"]
[SourceVersionDate "2020.10.23"]
[SourceQuality "1"]
[WhiteTeam "Ketsch II"]
[BlackTeam "Bad Salzdetfurth"]
[WhiteTeamCountry "GER"]
[BlackTeamCountry "GER"]

1. c4 c6 2. Nf3 Nf6 3. Nc3 d5 4. d4 Bf5 5. cxd5 cxd5 6. Qb3 b6 7. e4 dxe4 8. Ne5 e6 9. Bb5+ Nbd7 10. g4 Bxg4 11. Nxe4 Nxe4 12. Bxd7+ Ke7 13. f3 Bxf3 14. 0-0 Ng5 15. Qa3+ Kf6 16. Rxf3+ Nxf3+ 17. Qxf3+ Ke7 18. Bg5+ f6 19. Qa3# 1-0